000 00588nam a22002177a 4500
003 OSt
005 20210416111214.0
008 210227s1984 ||||| |||| 00| 0 eng d
020 _a0802730566
040 _aeng
_beng
_cDLC
041 _aeng
080 _a821.111
_bH-15
100 _9476
_aHaggard, William
245 _aThe Kinsmen
_c/ by: Walker and Company
260 _aNew York
_bWalker and Company
_c1984
300 _a192 p.
365 _b2.95 usd
650 0 _9254
_aEnglish literature
653 _aინგლისური ლიტერატურა
942 _2udc
_cBK
999 _c1986
_d1986